000 00449 a2200193 4500
001 114107
020 _a8516031225
041 _apor
090 _aYear 4 028
092 _a2003339505
250 _a. ed.
300 _a31 p.
856 _u000011/00001124.jpg
040 _aBR-BrIDEA
_cBR-BrIDEA
100 _aMachado, Ana Maria
_d1941
245 1 0 _aDe carta em carta
_c Ana Maria Machado
260 _a[S.l.]
_bSalamandra
_c2002
942 _cBK
999 _c114107
_d114107